[Event "Auburn Hills op"]
[Site "Auburn Hills"]
[Date "2004.04.18"]
[Round "5"]
[White "Laurin, Edward"]
[Black "Osebold, James"]
[Result "1-0"]
[WhiteElo "1811"]
[BlackElo "1347"]
[PlyCount "43"]
[EventDate "2004.04.17"]
[EventType "swiss"]
[EventRounds "5"]
[EventCountry "USA"]
[SourceTitle "EXT 2008"]
[Source "ChessBase"]
[SourceDate "2007.11.25"]
[SourceVersion "1"]
[SourceVersionDate "2007.11.25"]
[SourceQuality "1"]

1. e4 e5 2. Nf3 Nc6 3. Bc4 Nf6 4. d4 d5 5. exd5 Nxd5 6. dxe5 Be6 7. 0-0 Be7 8. Nbd2 0-0 9. Ne4 Qd7 10. Neg5 Rad8 11. a3 Qc8 12. Nxe6 fxe6 13. Qe2 Rf7 14. Bd2 Rdf8 15. Rad1 Bc5 16. Be3 Nf4 17. Bxf4 Rxf4 18. Ng5 Re8 19. Qd3 Rf5 20. Nxe6 Ne7 21. Nxc5+ Kh8 22. Be6 1-0

[Event "Auburn Hills op"]
[Site "Auburn Hills"]
[Date "2004.04.17"]
[Round "1"]
[White "Reddivari, Dushya"]
[Black "Laurin, Edward"]
[Result "1-0"]
[WhiteElo "1857"]
[BlackElo "1811"]
[PlyCount "82"]
[EventDate "2004.04.17"]
[EventType "swiss"]
[EventRounds "5"]
[EventCountry "USA"]
[SourceTitle "EXT 2008"]
[Source "ChessBase"]
[SourceDate "2007.11.25"]
[SourceVersion "1"]
[SourceVersionDate "2007.11.25"]
[SourceQuality "1"]

1. c4 e5 2. e4 Nc6 3. Nc3 Bc5 4. g3 d6 5. Bg2 Nge7 6. Nge2 0-0 7. 0-0 Bg4 8. h3 Bh5 9. g4 Bg6 10. Ng3 Nd4 11. d3 f6 12. Be3 Bf7 13. Kh1 Ng6 14. Nce2 Nxe2 15. Qxe2 Nh4 16. Bxc5 dxc5 17. Nf5 Nxg2 18. Kxg2 Qd7 19. a4 Rad8 20. Ra3 Be6 21. Ne3 Qd4 22. f4 Rd6 23. Rb3 Rb6 24. f5 Rxb3 25. fxe6 Rxd3 26. Nc2 Qd6 27. Rf2 Rb3 28. Ne3 Rb4 29. Nd5 Rxa4 30. Qc2 Ra5 31. e7 Re8 32. g5 Rxe7 33. Qd2 Ra6 34. gxf6 gxf6 35. Rxf6 Rg7+ 36. Kh2 Qd8 37. Rf3 Kh8 38. Qf2 Qg5 39. Rf5 Qg6 40. Rf8+ Rg8 41. Ne7 Qg2+ 1-0

[Event "Kalamazoo op1"]
[Site "Kalamazoo"]
[Date "2003.09.01"]
[Round "7.11"]
[White "Garrison, Ray"]
[Black "Laurin, Edward"]
[Result "1-0"]
[WhiteElo "1857"]
[BlackElo "1830"]
[PlyCount "47"]
[EventDate "2003.08.29"]
[EventType "swiss"]
[EventRounds "7"]
[EventCountry "USA"]
[SourceTitle "EXT 2007"]
[Source "ChessBase"]
[SourceDate "2006.11.23"]
[SourceVersion "1"]
[SourceVersionDate "2006.11.23"]
[SourceQuality "1"]

1. e4 c5 2. Nf3 d6 3. Nc3 e6 4. Bb5+ Bd7 5. 0-0 Be7 6. d4 cxd4 7. Qxd4 Bxb5 8. Nxb5 a6 9. Qa4 Nc6 10. Nbd4 Qc7 11. Be3 Nf6 12. e5 Nd5 13. exd6 Qxd6 14. Nxc6 Qxc6 15. Qxc6+ bxc6 16. Bd4 f6 17. c4 Nb4 18. a3 Nd3 19. Rad1 Nc5 20. b4 Nb7 21. Bc3 Kf7 22. Nd4 c5 23. Nc6 cxb4 24. Rd7 1-0

[Event "Kalamazoo op1"]
[Site "Kalamazoo"]
[Date "2003.08.31"]
[Round "5.13"]
[White "Ciaffone, Robert"]
[Black "Laurin, Edward"]
[Result "1/2-1/2"]
[WhiteElo "2100"]
[BlackElo "1830"]
[PlyCount "54"]
[EventDate "2003.08.29"]
[EventType "swiss"]
[EventRounds "7"]
[EventCountry "USA"]
[SourceTitle "EXT 2007"]
[Source "ChessBase"]
[SourceDate "2006.11.23"]
[SourceVersion "1"]
[SourceVersionDate "2006.11.23"]
[SourceQuality "1"]

1. Nf3 Nf6 2. c4 e6 3. g3 d5 4. Bg2 c6 5. d4 dxc4 6. Ne5 Bb4+ 7. Nc3 Nd5 8. Bd2 Nb6 9. e3 N8d7 10. Nf3 0-0 11. Ne4 Bxd2+ 12. Nexd2 Re8 13. 0-0 e5 14. Qc2 exd4 15. exd4 Nf6 16. Nxc4 Nxc4 17. Qxc4 Be6 18. Qc2 Bd5 19. Rad1 Qa5 20. b3 Re7 21. Rfe1 Rxe1+ 22. Nxe1 Re8 23. Nf3 Be4 24. Qd2 Qxd2 25. Rxd2 Kf8 26. Ng5 Bxg2 27. Kxg2 Ne4 1/2-1/2

[Event "Kalamazoo op1"]
[Site "Kalamazoo"]
[Date "2003.08.31"]
[Round "4.13"]
[White "Laurin, Edward"]
[Black "Beckwith, Stan"]
[Result "1-0"]
[WhiteElo "1830"]
[BlackElo "1731"]
[PlyCount "93"]
[EventDate "2003.08.29"]
[EventType "swiss"]
[EventRounds "7"]
[EventCountry "USA"]
[SourceTitle "EXT 2007"]
[Source "ChessBase"]
[SourceDate "2006.11.23"]
[SourceVersion "1"]
[SourceVersionDate "2006.11.23"]
[SourceQuality "1"]

1. e4 c5 2. Nf3 d6 3. d4 cxd4 4. Nxd4 Nf6 5. Nc3 a6 6. f3 e5 7. Nb3 Be6 8. Be3 d5 9. exd5 Nxd5 10. Nxd5 Qxd5 11. Qxd5 Bxd5 12. Nc5 Be7 13. 0-0-0 Bc6 14. Bc4 0-0 15. Bd5 Bxd5 16. Rxd5 b6 17. Nd7 Nxd7 18. Rxd7 Bc5 19. Bxc5 bxc5 20. Rd5 f6 21. Rxc5 Rfd8 22. Rd1 Kf7 23. Rc7+ Kg6 24. Rdd7 Rxd7 25. Rxd7 Rc8 26. Kd2 Rc6 27. Kd3 h5 28. c4 h4 29. b4 f5 30. c5 Kf6 31. Rb7 Kg5 32. Rxg7+ Kf4 33. Rd7 a5 34. a3 Rg6 35. g3+ hxg3 36. hxg3+ Rxg3 37. c6 Rxf3+ 38. Kc4 Rxa3 39. c7 Ra1 40. Rd3 axb4 41. Kxb4 Ra8 42. Rd8 Rxd8 43. cxd8Q e4 44. Qh4+ Kf3 45. Qh3+ Kf4 46. Kc3 Ke5 47. Qg3+ 1-0

[Event "Kalamazoo op1"]
[Site "Kalamazoo"]
[Date "2003.08.30"]
[Round "1.25"]
[White "Gabbara, Faris"]
[Black "Laurin, Edward"]
[Result "1-0"]
[WhiteElo "2081"]
[BlackElo "1830"]
[PlyCount "95"]
[EventDate "2003.08.29"]
[EventType "swiss"]
[EventRounds "7"]
[EventCountry "USA"]
[SourceTitle "EXT 2007"]
[Source "ChessBase"]
[SourceDate "2006.11.23"]
[SourceVersion "1"]
[SourceVersionDate "2006.11.23"]
[SourceQuality "1"]

1. e4 c5 2. c3 d5 3. exd5 Qxd5 4. d4 Nf6 5. Nf3 Bg4 6. Be2 e6 7. 0-0 Nc6 8. h3 Bh5 9. Be3 cxd4 10. cxd4 a6 11. Nc3 Qd7 12. Ne5 Nxe5 13. dxe5 Qxd1 14. Bxd1 Bxd1 15. Rfxd1 Nd7 16. f4 Bc5 17. Bxc5 Nxc5 18. b4 Nd7 19. Ne4 Ke7 20. Nd6 Nb6 21. Nxb7 Nd5 22. Rd4 Rhb8 23. Na5 Rc8 24. Nc4 Rab8 25. a3 Nb6 26. Nxb6 Rxb6 27. Rad1 Rc7 28. Rd6 Rbc6 29. R1d2 f6 30. Kf2 g5 31. exf6+ Kxf6 32. fxg5+ Kxg5 33. g3 h5 34. Rxc6 Rxc6 35. Rd3 e5 36. Kf3 Rc4 37. Re3 Kf5 38. Rb3 Rc1 39. a4 e4+ 40. Ke2 Rc2+ 41. Ke3 Rh2 42. g4+ hxg4 43. hxg4+ Kxg4 44. Kxe4 Rc2 45. b5 axb5 46. axb5 Kg5 47. b6 Rc8 48. b7 1-0

[Event "Kalamazoo op1"]
[Site "Kalamazoo"]
[Date "2003.08.30"]
[Round "2.29"]
[White "Laurin, Edward"]
[Black "Chehayeb, Salah"]
[Result "1-0"]
[WhiteElo "1830"]
[BlackElo "1983"]
[PlyCount "51"]
[EventDate "2003.08.29"]
[EventType "swiss"]
[EventRounds "7"]
[EventCountry "USA"]
[SourceTitle "EXT 2007"]
[Source "ChessBase"]
[SourceDate "2006.11.23"]
[SourceVersion "1"]
[SourceVersionDate "2006.11.23"]
[SourceQuality "1"]

1. e4 c5 2. Nf3 Nc6 3. d4 cxd4 4. Nxd4 g6 5. Be3 Bg7 6. Nc3 d6 7. Qd2 Nf6 8. f3 0-0 9. 0-0-0 d5 10. Nxc6 bxc6 11. exd5 Nxd5 12. Nxd5 cxd5 13. Qxd5 Qc7 14. Qc5 Qb7 15. Bd4 e5 16. Bxe5 Bh6+ 17. Kb1 Bf5 18. Bd3 Rac8 19. Qd4 Rfd8 20. Qh4 Rxd3 21. Rxd3 Bxd3 22. cxd3 Qd5 23. Qf6 Qxd3+ 24. Ka1 Kf8 25. Qh8+ Ke7 26. Qxc8 1-0

[Event "Flint op 03"]
[Site "Flint"]
[Date "2003.02.12"]
[Round "3"]
[White "Aldrich, Jeff"]
[Black "Laurin, Edward"]
[Result "1-0"]
[WhiteElo "1900"]
[BlackElo "1833"]
[PlyCount "51"]
[EventDate "2003.02.12"]
[EventType "swiss (rapid)"]
[EventRounds "4"]
[EventCountry "USA"]
[SourceTitle "EXT 2009"]
[Source "ChessBase"]
[SourceDate "2008.11.26"]
[SourceVersion "1"]
[SourceVersionDate "2008.11.26"]
[SourceQuality "1"]

1. d4 Nf6 2. c4 e6 3. Nc3 Bb4 4. e3 b6 5. Bd3 Bb7 6. Nf3 Ne4 7. Qc2 Nxc3 8. bxc3 Bd6 9. e4 c5 10. e5 Be7 11. Be3 Bxf3 12. gxf3 cxd4 13. cxd4 Bb4+ 14. Ke2 Nc6 15. a3 Ba5 16. h4 d5 17. Qa4 Rc8 18. cxd5 Qxd5 19. Rhc1 0-0 20. Be4 Nxd4+ 21. Qxd4 Qb5+ 22. Bd3 Qe8 23. Qe4 g6 24. Bh6 f5 25. exf6 Rxf6 26. Rg1 1-0

[Event "Auburn Hills op"]
[Site "Auburn Hills"]
[Date "2002.04.28"]
[Round "5"]
[White "Moore, Robert"]
[Black "Laurin, Edward"]
[Result "0-1"]
[WhiteElo "1600"]
[BlackElo "1737"]
[PlyCount "54"]
[EventDate "2002.04.26"]
[EventType "swiss"]
[EventRounds "5"]
[EventCountry "USA"]
[SourceTitle "EXT 2007"]
[Source "ChessBase"]
[SourceDate "2006.11.23"]
[SourceVersion "1"]
[SourceVersionDate "2006.11.23"]
[SourceQuality "1"]

1. e4 b6 2. d4 Bb7 3. Nc3 e6 4. Bd3 Nf6 5. Bf4 Bb4 6. f3 c5 7. Nge2 cxd4 8. Nxd4 Bxc3+ 9. bxc3 Qe7 10. Nb5 e5 11. Be3 d5 12. Bg5 Na6 13. exd5 Bxd5 14. Qe2 0-0 15. 0-0 Nc5 16. c4 Nxd3 17. cxd3 Bc6 18. Nc3 Qd6 19. Rab1 Qd4+ 20. Be3 Qxc3 21. Rb3 Qa5 22. Qb2 Qa6 23. Ra3 Qb7 24. Qxe5 Rfe8 25. Qf4 Qe7 26. Bd4 Qxa3 27. Bxf6 Qxd3 0-1

[Event "Genesee County CC-ch"]
[Site "Flint"]
[Date "2001.10.17"]
[Round "2"]
[White "Laurin, Edward"]
[Black "Kriseler, Mark"]
[Result "0-1"]
[WhiteElo "1555"]
[BlackElo "1964"]
[PlyCount "48"]
[EventDate "2001.10.10"]
[EventType "swiss"]
[EventRounds "5"]
[EventCountry "USA"]
[SourceTitle "EXT 2009"]
[Source "ChessBase"]
[SourceDate "2008.11.26"]
[SourceVersion "1"]
[SourceVersionDate "2008.11.26"]
[SourceQuality "1"]

1. e4 e5 2. Nf3 Nc6 3. Bc4 b6 4. d4 exd4 5. Nxd4 Ne5 6. Bb3 Bb7 7. Qh5 Ng6 8. 0-0 Nf6 9. Qe2 c5 10. Nf5 Qc7 11. Nc3 a6 12. Bg5 Nf4 13. Qc4 0-0-0 14. Bxf6 gxf6 15. Qxf7 Bd6 16. Nxd6+ Qxd6 17. Rad1 Qe5 18. f3 Rhg8 19. Rd2 Qg5 20. Rfd1 Nxg2 21. Rxd7 Nh4+ 22. Kf2 Qg2+ 23. Ke3 Qxf3+ 24. Kd2 Rxd7+ 0-1

[Event "Lansing op"]
[Site "Lansing"]
[Date "2001.09.03"]
[Round "7"]
[White "Laurin, Edward"]
[Black "Biondo, Anthony"]
[Result "1/2-1/2"]
[WhiteElo "1551"]
[BlackElo "1672"]
[PlyCount "67"]
[EventDate "2001.08.31"]
[EventType "swiss"]
[EventRounds "7"]
[EventCountry "USA"]
[SourceTitle "EXT 2007"]
[Source "ChessBase"]
[SourceDate "2006.11.23"]
[SourceVersion "1"]
[SourceVersionDate "2006.11.23"]
[SourceQuality "1"]

1. e4 c5 2. Nf3 Nc6 3. d4 cxd4 4. Nxd4 g6 5. Bc4 Bg7 6. Be3 Nf6 7. Nd2 Qa5 8. c3 0-0 9. 0-0 d6 10. N2b3 Qc7 11. f3 a6 12. Qd2 Nxd4 13. Qxd4 Ng4 14. Qb6 Qxc4 15. Nd2 Qc6 16. Qxc6 bxc6 17. fxg4 Bxg4 18. h3 Be6 19. Nf3 Rab8 20. Rf2 Rb7 21. Nd4 c5 22. Nxe6 fxe6 23. Raf1 Rfb8 24. Bg5 Rxb2 25. Bxe7 Rxf2 26. Rxf2 Rb1+ 27. Kh2 Be5+ 28. g3 Rc1 29. Rf8+ Kg7 30. Rd8 Rc2+ 31. Kh1 Rd2 32. Rd7 Kg8 33. Bg5 Rxa2 34. Rd8+ 1/2-1/2

[Event "Lansing op"]
[Site "Lansing"]
[Date "2001.09.02"]
[Round "4"]
[White "Croel, Duane T"]
[Black "Laurin, Edward"]
[Result "1-0"]
[WhiteElo "1650"]
[BlackElo "1551"]
[PlyCount "115"]
[EventDate "2001.08.31"]
[EventType "swiss"]
[EventRounds "7"]
[EventCountry "USA"]
[SourceTitle "EXT 2007"]
[Source "ChessBase"]
[SourceDate "2006.11.23"]
[SourceVersion "1"]
[SourceVersionDate "2006.11.23"]
[SourceQuality "1"]

1. d4 Nf6 2. c4 e6 3. Nc3 Bb4 4. Bg5 h6 5. Bh4 g5 6. Bg3 Ne4 7. Qc2 Bxc3+ 8. bxc3 Nxg3 9. hxg3 Nc6 10. e4 d6 11. f4 Qf6 12. e5 dxe5 13. fxe5 Qg7 14. 0-0-0 f6 15. exf6 Qxf6 16. Bd3 Ne7 17. Nf3 Bd7 18. Ne5 0-0-0 19. Rhf1 Nf5 20. g4 Ne3 21. Rxf6 Nxc2 22. Bxc2 Rdf8 23. Rdf1 Rxf6 24. Rxf6 c6 25. Rf7 Be8 26. Rf6 Bd7 27. Nxd7 Kxd7 28. Rf7+ Kd6 29. c5+ Kd5 30. Bd3 e5 31. Rd7+ Ke6 32. Bf5+ Kf6 33. Rxb7 exd4 34. cxd4 h5 35. Rxa7 hxg4 36. Bxg4 Rh4 37. Bf3 Rxd4 38. Ra6 g4 39. Rxc6+ Ke5 40. Be2 Rf4 41. Rg6 Rf2 42. Kd2 Rxg2 43. Rxg4 Rxg4 44. Bxg4 Kd5 45. c6 Kxc6 46. Kc3 Kb5 47. Kb3 Ka5 48. Be2 Kb6 49. Kb4 Ka7 50. a4 Kb6 51. a5+ Ka7 52. Kc5 Kb7 53. Kd6 Ka7 54. Kc7 Ka8 55. Kb6 Kb8 56. a6 Ka8 57. Bf3+ Kb8 58. a7+ 1-0

[Event "Lansing op"]
[Site "Lansing"]
[Date "2001.09.02"]
[Round "2"]
[White "Laurin, Edward"]
[Black "Swathell, Gary"]
[Result "1-0"]
[WhiteElo "1551"]
[BlackElo "1570"]
[PlyCount "93"]
[EventDate "2001.08.31"]
[EventType "swiss"]
[EventRounds "7"]
[EventCountry "USA"]
[SourceTitle "EXT 2007"]
[Source "ChessBase"]
[SourceDate "2006.11.23"]
[SourceVersion "1"]
[SourceVersionDate "2006.11.23"]
[SourceQuality "1"]

1. e4 d6 2. d4 Nf6 3. Nc3 g6 4. Be3 Bg7 5. Nf3 0-0 6. Qd2 Ng4 7. h3 Nxe3 8. Qxe3 b6 9. Bc4 Ba6 10. Bxa6 Nxa6 11. Ne2 c5 12. c3 cxd4 13. cxd4 Rc8 14. 0-0 Nb4 15. Qd2 a5 16. a3 Nc6 17. d5 Ne5 18. Nxe5 Bxe5 19. Rac1 Qd7 20. Nd4 Qa4 21. Nc6 Bf6 22. Qc2 Qb5 23. a4 Qc5 24. Qxc5 dxc5 25. Rc2 Rfe8 26. Na7 Rb8 27. Nb5 Kg7 28. f4 Kf8 29. e5 Bg7 30. Rd1 Red8 31. Rcd2 h6 32. g3 g5 33. Kg2 Rbc8 34. Na7 Rc7 35. Nc6 Rdc8 36. f5 e6 37. f6 Bh8 38. dxe6 fxe6 39. Rd8+ Kf7 40. R1d7+ Rxd7 41. Rxd7+ Kg6 42. Ne7+ Kh5 43. Nxc8 Bxf6 44. exf6 Kg6 45. f7 e5 46. f8Q e4 47. Qf7# 1-0

[Event "Lansing op"]
[Site "Lansing"]
[Date "2001.09.02"]
[Round "1"]
[White "Sanborn, Richard"]
[Black "Laurin, Edward"]
[Result "1/2-1/2"]
[WhiteElo "1729"]
[BlackElo "1551"]
[PlyCount "68"]
[EventDate "2001.08.31"]
[EventType "swiss"]
[EventRounds "7"]
[EventCountry "USA"]
[SourceTitle "EXT 2007"]
[Source "ChessBase"]
[SourceDate "2006.11.23"]
[SourceVersion "1"]
[SourceVersionDate "2006.11.23"]
[SourceQuality "1"]

1. e4 d6 2. d4 Nf6 3. Bd3 e5 4. dxe5 dxe5 5. h3 Nbd7 6. Be3 Bc5 7. Qd2 b6 8. Ne2 Bxe3 9. Qxe3 Nc5 10. Bb5+ Bd7 11. Bxd7+ Qxd7 12. Nbc3 0-0 13. 0-0 Qc6 14. f3 Ne6 15. Rad1 Qc5 16. Qxc5 Nxc5 17. Nd5 Nxd5 18. Rxd5 Rad8 19. Rfd1 Rxd5 20. Rxd5 f6 21. Kf2 Rf7 22. Ke3 Rd7 23. c4 c6 24. Rxd7 Nxd7 25. b4 Kf7 26. Nc3 Ke6 27. Kd3 g6 28. g4 f5 29. exf5+ gxf5 30. Ne2 b5 31. Ng3 fxg4 32. fxg4 Nf6 33. a3 a6 34. g5 Nd7 1/2-1/2

[Event "Lansing op"]
[Site "Lansing"]
[Date "2001.09.01"]
[Round "1"]
[White "Laurin, Edward"]
[Black "Schey, Daniel"]
[Result "1/2-1/2"]
[WhiteElo "1551"]
[BlackElo "1717"]
[PlyCount "47"]
[EventDate "2001.08.31"]
[EventType "swiss"]
[EventRounds "7"]
[EventCountry "USA"]
[SourceTitle "EXT 2007"]
[Source "ChessBase"]
[SourceDate "2006.11.23"]
[SourceVersion "1"]
[SourceVersionDate "2006.11.23"]
[SourceQuality "1"]

1. e4 e5 2. Nf3 Nc6 3. Bc4 Nf6 4. 0-0 Bc5 5. d4 exd4 6. e5 d5 7. exf6 dxc4 8. Re1+ Be6 9. Ng5 Qd5 10. Nc3 Qf5 11. Nce4 Bd6 12. g4 Qg6 13. Nxd6+ cxd6 14. f4 0-0-0 15. f5 Bxf5 16. gxf5 Qxf6 17. Qf3 Ne5 18. Qf2 d5 19. Rxe5 Qxe5 20. Nxf7 Qe4 21. Nxh8 Qg4+ 22. Qg2 Qd1+ 23. Qf1 Qg4+ 24. Qg2 1/2-1/2

[Event "Lansing op"]
[Site "Lansing"]
[Date "2001.09.01"]
[Round "2"]
[White "Nicolli, Randy"]
[Black "Laurin, Edward"]
[Result "1-0"]
[WhiteElo "1706"]
[BlackElo "1551"]
[PlyCount "69"]
[EventDate "2001.08.31"]
[EventType "swiss"]
[EventRounds "7"]
[EventCountry "USA"]
[SourceTitle "EXT 2007"]
[Source "ChessBase"]
[SourceDate "2006.11.23"]
[SourceVersion "1"]
[SourceVersionDate "2006.11.23"]
[SourceQuality "1"]

1. f4 Nf6 2. Nf3 d5 3. e3 Bf5 4. Be2 e6 5. 0-0 Nbd7 6. d3 Bc5 7. h3 Qe7 8. Nc3 c6 9. Bd2 Bg6 10. Qe1 Qd6 11. Kh1 0-0-0 12. Na4 Rde8 13. b4 Bb6 14. c4 dxc4 15. dxc4 Bc7 16. c5 Qe7 17. b5 cxb5 18. Bxb5 a6 19. Bxd7+ Nxd7 20. Bb4 Qd8 21. Qc3 a5 22. Ba3 Qf6 23. Nd4 Be4 24. Nb6+ Bxb6 25. cxb6+ Bc6 26. Qxa5 Qd8 27. Qa8+ Nb8 28. Nxc6 bxc6 29. b7+ Kc7 30. Qa5+ Kxb7 31. Rab1+ Kc8 32. Qa8 Qc7 33. Bd6 Qxd6 34. Qb7+ Kd8 35. Rfd1 1-0